000 00636nam a2200193 i 4500
001 104329
003 ES-MaACL
005 20231207063021.0
007 t|
008 051128s1974 sp ||||1| spa d
100 1 _aMillán Puelles, Antonio,
_d1921-2005
_981155
245 1 0 _aEconomía y libertad /
_cAntonio Millán Puelles.
260 _aMadrid :
_bConfederación Española de Cajas de Ahorros,
_c1974.
300 _a448 p. ;
_c25 cm.
650 4 _aEconomía-
_xFilosofía.
_9160756
710 2 _aConfederación Española de Cajas de Ahorros.
_93148
852 _aES-MaACL
_jC-56452
_bR.89300
999 _c104329
_d104329